Sociálne kompetencie manažéra - prípadová štúdia diplomová práca

Guardado en:
Detalles Bibliográficos
Autor principal: Hiráková, Dominika
Autor Corporativo: Podnikovohospodárska fakulta EU so sídlom v Košiciach. Katedra manažmentu
Otros Autores: Olexová, Cecília, 1976-
Formato: Libro
Lenguaje:eslovaco
Publicado: Košice 2016
Etiquetas: Agregar Etiqueta
Sin Etiquetas, Sea el primero en etiquetar este registro!

MARC

LEADER 00000nbm a2200000 4500
001 0217628
005 20170315090449.9
041 0 |a slo 
044 |a SK 
245 1 0 |a Sociálne kompetencie manažéra - prípadová štúdia  |b diplomová práca  |c Dominika Hiráková ; školiteľ: Cecília Olexová 
264 1 |a Košice  |c 2016 
300 |a 99 s. 
100 1 |a Hiráková, Dominika 
700 1 |a Olexová, Cecília, 1976- 
710 2 |a Podnikovohospodárska fakulta EU so sídlom v Košiciach. Katedra manažmentu